| 000 | 01197nam a22002897a 4500 | ||
|---|---|---|---|
| 005 | 20080929101452.0 | ||
| 008 | 080929t xxu||||| |||| 00| 0chin d | ||
| 010 | _aHIN-92081 | ||
| 020 |
_a9789380169125 _c200.00 |
||
| 035 | _aHN-64427 | ||
| 037 | _bDBAD / PUB | ||
| 040 |
_aDPL _bHN |
||
| 082 | _aउ | ||
| 100 |
_926640 _aकौशिक, प्रेम नारायण |
||
| 245 |
_aरणघोष / _cप्रेम नारायण कौशिक |
||
| 246 |
_aRanghosh _bby Prem Narayan Koushik |
||
| 260 |
_aदिल्ली _bनवशिला प्रकाशन _c2010 |
||
| 270 |
_aए-75, श्रीराम कालोनी निलोठी एक्स. नांगलोई _bदिल्ली _e110041 _k0921331728, 09211336546 |
||
| 300 |
_a118पृ. _c22सेमी (सजिल्द) |
||
| 650 |
_9697 _aहिन्दी कथा साहित्य |
||
| 650 |
_aHindi Novel _926674 |
||
| 650 | _9698 | ||
| 700 | _926643 | ||
| 710 | _926662 | ||
| 942 |
_2ddc _cHN _hउ _mकौशिक |
||
| 999 |
_c51151 _d51151 |
||